| 000 -LEADER |
| fixed length control field |
02019cam a2200373 a 4500 |
| 001 - CONTROL NUMBER |
| control field |
14312758 |
| 003 - CONTROL NUMBER IDENTIFIER |
| control field |
Nust |
| 005 - DATE AND TIME OF LATEST TRANSACTION |
| control field |
20170310104649.0 |
| 008 - FIXED-LENGTH DATA ELEMENTS--GENERAL INFORMATION |
| fixed length control field |
060323s2005 nyu 000 1 eng d |
| 010 ## - LIBRARY OF CONGRESS CONTROL NUMBER |
| LC control number |
2005909117 |
| 020 ## - INTERNATIONAL STANDARD BOOK NUMBER |
| International Standard Book Number |
9780749936952 |
| 035 ## - SYSTEM CONTROL NUMBER |
| System control number |
(OCoLC)ocm62751449 |
| 040 ## - CATALOGING SOURCE |
| Original cataloging agency |
DV1 |
| Transcribing agency |
DV1 |
| Modifying agency |
VP@ |
| -- |
ILC |
| -- |
WVK |
| -- |
BAKER |
| -- |
OCLCQ |
| -- |
IXA |
| -- |
DLC |
| 042 ## - AUTHENTICATION CODE |
| Authentication code |
lccopycat |
| 043 ## - GEOGRAPHIC AREA CODE |
| Geographic area code |
n-us-il |
| 050 00 - LIBRARY OF CONGRESS CALL NUMBER |
| Classification number |
PS3563.C3884 |
| Item number |
E9 2005b |
| 082 00 - DEWEY DECIMAL CLASSIFICATION NUMBER |
| Classification number |
813.54 |
| Author Mark |
MCN |
| 100 1# - MAIN ENTRY--PERSONAL NAME |
| Personal name |
McNaught, Judith. |
| 245 10 - TITLE STATEMENT |
| Title |
Every breath you take : |
| Remainder of title |
a novel / |
| Statement of responsibility, etc. |
Judith McNaught. |
| 250 ## - EDITION STATEMENT |
| Edition statement |
1st ed. |
| 260 ## - PUBLICATION, DISTRIBUTION, ETC. |
| Place of publication, distribution, etc. |
New York : |
| Name of publisher, distributor, etc. |
Ballantine Books, |
| Date of publication, distribution, etc. |
2005. |
| 300 ## - PHYSICAL DESCRIPTION |
| Extent |
484 p. ; |
| Dimensions |
25 cm. |
| 520 ## - SUMMARY, ETC. |
| Summary, etc. |
On wealthy philanthropist Cecil Wyatt's eightieth birthday, all the money in the world won't bring back his missing grandson, William Wyatt. The family, the police and the media all have tried in vain to discover the young man's fate. Now suspicion has turned shockingly toward William's own half-brother, the rather distant and enigmatic Mitchell Wyatt. Kate Donovan is tagged as a suspect in a high-society murder case, after a chance romantic encounter on a tropical island paradise with Mitchell Wyatt. |
| 650 #0 - SUBJECT ADDED ENTRY--TOPICAL TERM |
| Topical term or geographic name entry element |
Rich people |
| Form subdivision |
Fiction. |
| 650 #0 - SUBJECT ADDED ENTRY--TOPICAL TERM |
| Topical term or geographic name entry element |
Murder |
| General subdivision |
Investigation |
| Form subdivision |
Fiction. |
| 650 #0 - SUBJECT ADDED ENTRY--TOPICAL TERM |
| Topical term or geographic name entry element |
Man-woman relationships |
| Form subdivision |
Fiction. |
| 655 #7 - INDEX TERM--GENRE/FORM |
| Genre/form data or focus term |
Suspense fiction. |
| Source of term |
gsafd |
| 655 #7 - INDEX TERM--GENRE/FORM |
| Genre/form data or focus term |
Love stories. |
| Source of term |
gsafd |
| 856 42 - ELECTRONIC LOCATION AND ACCESS |
| Materials specified |
Contributor biographical information |
| Uniform Resource Identifier |
<a href="http://www.loc.gov/catdir/enhancements/fy0643/2005909117-b.html">http://www.loc.gov/catdir/enhancements/fy0643/2005909117-b.html</a> |
| 856 42 - ELECTRONIC LOCATION AND ACCESS |
| Materials specified |
Publisher description |
| Uniform Resource Identifier |
<a href="http://www.loc.gov/catdir/enhancements/fy0643/2005909117-d.html">http://www.loc.gov/catdir/enhancements/fy0643/2005909117-d.html</a> |
| 856 41 - ELECTRONIC LOCATION AND ACCESS |
| Materials specified |
Sample text |
| Uniform Resource Identifier |
<a href="http://www.loc.gov/catdir/enhancements/fy0665/2005909117-s.html">http://www.loc.gov/catdir/enhancements/fy0665/2005909117-s.html</a> |
| 906 ## - LOCAL DATA ELEMENT F, LDF (RLIN) |
| a |
7 |
| b |
cbc |
| c |
copycat |
| d |
2 |
| e |
epcn |
| f |
20 |
| g |
y-gencatlg |
| 942 ## - ADDED ENTRY ELEMENTS (KOHA) |
| Source of classification or shelving scheme |
|
| Koha item type |
Book |